[Event "Cannes op-B 18th"]
[Site "Cannes"]
[Date "1997.??.??"]
[Round "9"]
[White "Medancic, Rikard"]
[Black "Rene, Benoit"]
[Result "1-0"]
[WhiteElo "2305"]
[BlackElo "2235"]
[PlyCount "77"]
[EventDate "1997.02.22"]
[EventType "swiss"]
[EventRounds "9"]
[EventCountry "FRA"]
[SourceTitle "CBM 057 Extra"]
[Source "ChessBase"]
[SourceDate "1997.05.01"]
[SourceVersion "1"]
[SourceVersionDate "1997.05.01"]
[SourceQuality "1"]

1. d4 g6 2. c4 Bg7 3. Nc3 d6 4. e4 Nc6 5. Be3 e5 6. Nge2 Nh6 7. f3 f5 8. d5 Ne7 9. Qd2 Nf7 10. g3 0-0 11. 0-0-0 c5 12. h4 a6 13. h5 b5 14. Ng1 g5 15. Bxg5 Nxg5 16. Qxg5 h6 17. Qd2 bxc4 18. Rh2 Rb8 19. Rg2 Rf7 20. g4 fxg4 21. fxg4 Qf8 22. Bxc4 Rb4 23. Qe2 Rb6 24. Rf1 Rxf1+ 25. Qxf1 Bf6 26. Nf3 Qg7 27. Kc2 a5 28. Qc1 Bg5 29. Nxg5 Qxg5 30. Qxg5+ hxg5 31. b3 Bd7 32. a4 Kg7 33. Bb5 Bxb5 34. axb5 Nc8 35. Kd3 Rb7 36. Rf2 Na7 37. Kc4 Nc8 38. Na4 Na7 39. b6 1-0

[Event "FRA-ch Accession"]
[Site "Chambery"]
[Date "1994.??.??"]
[Round "9"]
[White "Depyl, Pascal"]
[Black "Rene, Benoit"]
[Result "1-0"]
[WhiteElo "2185"]
[BlackElo "2250"]
[PlyCount "71"]
[EventDate "1994.??.??"]
[EventType "swiss"]
[EventRounds "11"]
[EventCountry "FRA"]
[SourceTitle "EXT 2004"]
[Source "ChessBase"]
[SourceDate "2003.11.25"]
[SourceVersion "1"]
[SourceVersionDate "2003.11.25"]
[SourceQuality "1"]

1. d4 g6 2. c4 Bg7 3. Nc3 d6 4. e4 Nc6 5. Be3 e5 6. d5 Nce7 7. Bd3 f5 8. exf5 gxf5 9. Qh5+ Kf8 10. Qe2 Ng6 11. g3 Nf6 12. 0-0-0 Bd7 13. h4 h5 14. Bg5 Qc8 15. f3 a6 16. Kb1 Rb8 17. Rh2 Kf7 18. Rf2 Re8 19. g4 b5 20. Bxf5 Bxf5+ 21. gxf5 Qxf5+ 22. Ne4 Ne7 23. Bxf6 Bxf6 24. Qc2 bxc4 25. Qxc4 Rb7 26. Ka1 Reb8 27. Ne2 Ng6 28. N2g3 Qd7 29. Nxf6 Kxf6 30. Nxh5+ Ke7 31. Rg1 Rb4 32. Qc1 Kf7 33. Qh6 Qf5 34. Qh7+ Kf8 35. Rxg6 Qf7 36. Rf6 1-0